000 00456nam a2200157 i 4500
001 61155
003 ES-MaACL
005 20230906164401.0
007 t|
008 031110s1969 sp ||||1| spa d
100 1 _aEtxebaria y Goiri, José Luis.
_948304
245 1 0 _aDanzas de Vizcaya /
_cpor J.L. Etxebaria y Goiri.
260 _a[Bilbao :
_bEditorial Vizcaína,
_c1969]
300 _a278 p., 14 lám. ;
_c24 cm.
852 _aES-MaACL
_jC-44512
_bR.73074
999 _c61155
_d61155